Normal view
MARC view
- Crane, Hart,
Entry Personal Name
001 - CONTROL NUMBER
- control field: 153608
003 - CONTROL NUMBER IDENTIFIER
- control field: DLC
005 - DATE AND TIME OF LATEST TRANSACTION
- control field: 20260413150534.0
008 - FIXED-LENGTH DATA ELEMENTS
- fixed length control field: 880418n| acannaab| |a aaa ||| c
010 ## - LIBRARY OF CONGRESS CONTROL NUMBER
- LC control number: n 88089000
040 ## - CATALOGING SOURCE
- Original cataloging agency: MdU
- Transcribing agency: DLC
100 10 - HEADING--PERSONAL NAME
- Personal name: Crane, Hart,
- Dates associated with a name: 1899-1932.
- Title of a work: Correspondence
400 10 - SEE FROM TRACING--PERSONAL NAME
- Personal name: Crane, Hart,
- Dates associated with a name: 1899-1932.
- Title of a work: Letters of Hart Crane
670 ## - SOURCE DATA FOUND
- Source citation: His The letters of Hart Crane, 1916-1932, c1952.



